[Event "Belt Road Women 2019"]
[Site "Shaoxing"]
[Date "2019.07.12"]
[Round "5.16"]
[White "Xu, Yuze"]
[Black "Zhang, Yuxuan"]
[Result "1-0"]
[WhiteElo "2083"]
[BlackElo "1987"]
[Annotator "NA"]
[PlyCount "77"]
[EventDate "2019.07.08"]
[EventType "swiss"]
[EventCountry "CHN"]
[SourceTitle "playchess.com"]
[Source "ChessBase"]
[SourceQuality "1"]
[TimeControl "5400+30"]

1. e4 {[%emt 0:00:00]} c5 {[%emt 0:00:00]} 2. c3 {[%emt 0:00:00]} d5 {[%emt 0:00:00]} 3. exd5 {[%emt 0:00:00]} Qxd5 {[%emt 0:00:00]} 4. d4 {[%emt 0:00:00]} e6 {[%emt 0:00:00]} 5. Nf3 {[%emt 0:00:00]} Nf6 {[%emt 0:00:07]} 6. Na3 {[%emt 0:01:44]} a6 {[%emt 0:03:41]} 7. Nc4 {[%emt 0:00:18]} Nbd7 {[%emt 0:02:16]} 8. a4 {[%emt 0:00:31]} b6 {[%emt 0:05:16]} 9. Be2 {[%emt 0:19:44]} Bb7 {[%emt 0:03:28]} 10. Be3 {[%emt 0:07:06]} Ng4 {[%emt 0:12:28]} 11. Bf4 {[%emt 0:15:04]} cxd4 {[%emt 0:01:43]} 12. Qxd4 {[%emt 0:00:55]} Qxd4 {[%emt 0:08:25]} 13. Nxd4 {[%emt 0:00:44]} h5 {[%emt 0:00:26]} 14. O-O {[%emt 0:07:48]} Ngf6 {[%emt 0:04:29]} 15. Rfe1 {[%emt 0:01:04]} Nd5 {[%emt 0:03:27]} 16. Bf3 {[%emt 0:00:48]} Bc5 {[%emt 0:06:05]} 17. Nd6+ {[%emt 0:06:20]} Bxd6 {[%emt 0:00:10]} 18. Bxd6 {[%emt 0:00:07]} Ra7 {[%emt 0:01:26]} 19. Rad1 {[%emt 0:09:30]} Ne7 {[%emt 0:01:08]} 20. Nxe6 {[%emt 0:01:19]} Bxf3 {[%emt 0:01:38]} 21. Nxg7+ {[%emt 0:01:30]} Kf8 {[%emt 0:00:06]} 22. gxf3 {[%emt 0:00:28]} Kxg7 {[%emt 0:02:15]} 23. Rxe7 {[%emt 0:00:21]} Rd8 {[%emt 0:00:27]} 24. Rd4 {[%emt 0:00:39]} Rb7 {[%emt 0:02:33]} 25. Kf1 {[%emt 0:02:44]} Nc5 {[%emt 0:01:50]} 26. Rxb7 {[%emt 0:01:34]} Nxb7 {[%emt 0:00:06]} 27. Be5+ {[%emt 0:00:02]} Kg6 {[%emt 0:00:34]} 28. Rxd8 {[%emt 0:00:09]} Nxd8 {[%emt 0:00:09]} 29. Bc7 {[%emt 0:00:05]} Nc6 {[%emt 0:00:07]} 30. Bxb6 {[%emt 0:00:06]} Ne5 {[%emt 0:00:05]} 31. b4 {[%emt 0:02:18]} Nxf3 {[%emt 0:00:30]} 32. Kg2 {[%emt 0:00:04]} Nd2 {[%emt 0:00:52]} 33. b5 {[%emt 0:00:50]} Nc4 {[%emt 0:00:07]} 34. Bd4 {[%emt 0:00:15]} axb5 {[%emt 0:00:16]} 35. axb5 {[%emt 0:00:05]} Kf5 {[%emt 0:00:27]} 36. b6 {[%emt 0:00:16]} Na5 {[%emt 0:00:05]} 37. c4 {[%emt 0:00:55]} Ke4 {[%emt 0:00:15]} 38. Be3 {[%emt 0:00:24]} f5 {[%emt 0:00:35]} 39. Kg3 {[%emt 0:01:18] Kd5} 1-0

[Event "Belt Road Women 2019"]
[Site "Shaoxing"]
[Date "2019.07.12"]
[Round "5.17"]
[White "Zhou, Yafei"]
[Black "Peng, Tianlu"]
[Result "1-0"]
[WhiteElo "1720"]
[BlackElo "1901"]
[Annotator "NA"]
[PlyCount "89"]
[EventDate "2019.07.08"]
[EventType "swiss"]
[EventCountry "CHN"]
[SourceTitle "playchess.com"]
[Source "ChessBase"]
[SourceQuality "1"]
[TimeControl "5400+30"]

1. d4 {[%emt 0:00:00]} Nf6 {[%emt 0:00:00]} 2. c4 {[%emt 0:00:00]} e6 {[%emt 0:00:00]} 3. Nf3 {[%emt 0:00:00]} Bb4+ {[%emt 0:00:00]} 4. Bd2 {[%emt 0:00:33]} a5 {[%emt 0:00:00]} 5. a3 {[%emt 0:02:08]} Bxd2+ {[%emt 0:00:01]} 6. Qxd2 {[%emt 0:00:11]} O-O {[%emt 0:02:17]} 7. Nc3 {[%emt 0:00:08]} b6 {[%emt 0:00:56]} 8. e4 {[%emt 0:05:10]} d5 {[%emt 0:02:45]} 9. e5 {[%emt 0:01:16]} Ne4 {[%emt 0:01:07]} 10. Qc2 {[%emt 0:06:03]} Bb7 {[%emt 0:06:19]} 11. Bd3 {[%emt 0:04:37]} Ng5 {[%emt 0:15:34]} 12. cxd5 {[%emt 0:07:44]} Nxf3+ {[%emt 0:13:50]} 13. gxf3 {[%emt 0:00:07]} g6 {[%emt 0:05:32]} 14. O-O-O {[%emt 0:02:09]} Bxd5 {[%emt 0:01:48]} 15. Nxd5 {[%emt 0:02:34]} exd5 {[%emt 0:00:10]} 16. Rdg1 {[%emt 0:03:37]} Qd7 {[%emt 0:03:06]} 17. Kb1 {[%emt 0:05:02]} c5 {[%emt 0:03:34]} 18. h4 {[%emt 0:19:01]} c4 {[%emt 0:01:57]} 19. Bf5 {[%emt 0:00:15]} Qe8 {[%emt 0:07:56]} 20. h5 {[%emt 0:00:56]} g5 {[%emt 0:22:22]} 21. Rxg5+ {[%emt 0:02:28]} Kh8 {[%emt 0:00:07]} 22. Bxh7 {[%emt 0:00:34]} Nc6 {[%emt 0:01:25]} 23. Qd2 {[%emt 0:21:16]} Kxh7 {[%emt 0:05:40]} 24. Rhg1 {[%emt 0:00:55]} Qe6 {[%emt 0:01:35]} 25. Rg7+ {[%emt 0:02:04]} Kh8 {[%emt 0:00:18]} 26. R1g6 {[%emt 0:01:57]} Qf5+ {[%emt 0:02:30]} 27. Ka1 {[%emt 0:00:45]} Qxg6 {[%emt 0:01:12]} 28. Rxg6 {[%emt 0:00:06]} fxg6 {[%emt 0:00:15]} 29. Qh6+ {[%emt 0:00:06]} Kg8 {[%emt 0:00:03]} 30. Qxg6+ {[%emt 0:02:06]} Kh8 {[%emt 0:00:05]} 31. Qxc6 {[%emt 0:00:17]} Rac8 {[%emt 0:02:17]} 32. Qxd5 {[%emt 0:08:19]} c3 {[%emt 0:00:11]} 33. bxc3 {[%emt 0:00:26]} Rxc3 {[%emt 0:00:28]} 34. Kb2 {[%emt 0:00:55]} Rcxf3 {[%emt 0:00:10]} 35. e6 {[%emt 0:01:31]} Rxf2+ {[%emt 0:00:46]} 36. Kb3 {[%emt 0:00:20]} b5 {[%emt 0:01:04]} 37. Qxb5 {[%emt 0:01:07]} a4+ {[%emt 0:00:37]} 38. Kxa4 {[%emt 0:01:13]} Ra8+ {[%emt 0:00:30]} 39. Kb3 {[%emt 0:00:07]} Rf3+ {[%emt 0:00:07]} 40. Kc4 {[%emt 0:00:52]} Raxa3 {[%emt 0:00:56]} 41. Qb8+ {[%emt 0:00:34]} Kg7 {[%emt 0:00:11]} 42. e7 {[%emt 0:00:19]} Rac3+ {[%emt 0:00:12]} 43. Kd5 {[%emt 0:00:09]} Rf5+ {[%emt 0:01:05]} 44. Ke4 {[%emt 0:00:08]} Rcf3 {[%emt 0:00:31]} 45. e8=Q {[%emt 0:00:19]} 1-0

[Event "Belt Road Women 2019"]
[Site "Shaoxing"]
[Date "2019.07.13"]
[Round "6.1"]
[White "Munguntuul, Batkhuyag"]
[Black "Stefanova, Antoaneta"]
[Result "1/2-1/2"]
[WhiteElo "2412"]
[BlackElo "2474"]
[Annotator "TA"]
[PlyCount "86"]
[EventDate "2019.07.08"]
[EventType "swiss"]
[EventCountry "CHN"]
[SourceTitle "playchess.com"]
[Source "ChessBase"]
[SourceQuality "1"]

{[%evp 22,86,0,0,0,0,0,0,-2,-27,0,0,8,8,28,29,41,43,75,50,49,50,72,72,72,72,72,72,90,65,72,56,70,41,104,41,42,45,47,39,46,39,43,35,40,40,43,43,50,45,52,8,50,47,42,38,35,23,22,20,22,7,27,25,36,36,29]} 1. e4 e5 2. Nf3 Nc6 3. Nc3 Nf6 4. d4 exd4 5. Nxd4 Bb4 6. Nxc6 bxc6 7. Bd3 O-O 8. O-O d5 9. exd5 cxd5 10. Bg5 c6 11. Qf3 Bd6 12. Rae1 Rb8 {C47: Scotch Four Knights and Four Knights with 4 g3} 13. Bxf6 (13. Nd1 h6 14. Bxf6 Qxf6 15. Qxf6 gxf6 16. b3 Kg7 17. Ne3 Re8 18. Nf5+ Bxf5 19. Bxf5 Re5 20. Bd7 Rb6 21. g3 {½-½ (43) Rapport,R (2726)-Ding,L (2809) Shenzhen 2019}) 13... Qxf6 14. Qxf6 gxf6 {The position is equal.} 15. Nd1 Be6 16. b3 f5 $146 ({Predecessor:} 16... Rfe8 17. Re2 a5 18. a4 Bc5 19. Kh1 h5 20. h3 f5 {0-1 (42) Bitmanis,V (1923)-Koronowski,H (2073) ICCF email 2012}) 17. Ne3 f4 18. Nf5 Bb4 19. Re5 Bd7 20. Nh6+ Kg7 21. Rh5 Rh8 22. Nf5+ Bxf5 23. Rxf5 Bd6 24. g3 Rbe8 25. gxf4 Re6 26. Kg2 Rh6 27. Re1 Rg8 ({Black should play} 27... Kf8 $14) 28. Re3 (28. Rg5+ $16 Kh8 29. Rxg8+ Kxg8 30. Re8+ Kg7 31. Ra8) 28... Kf8+ $14 29. Rg3 Rgg6 30. h3 Rh4 31. Kf3 Ke7 32. Bf1 Ke6 33. Rg4 Rgh6 34. Rfg5 f5 35. Rxh4 Rxh4 {[%mdl 4096] Endgame KRB-KRB} 36. Rg7 a5 37. Kg2 Bxf4 38. Ra7 Bd2 $1 39. Ra6 Kd7 40. Bd3 Rh5 41. a3 h6 42. Ra8 Kd6 43. Rf8 Ke5 {Accuracy: White = 59%, Black = 51%.} 1/2-1/2

[Event "Belt Road Women 2019"]
[Site "Shaoxing"]
[Date "2019.07.13"]
[Round "6.2"]
[White "Guo, Qi"]
[Black "Kosteniuk, Alexandra"]
[Result "1/2-1/2"]
[WhiteElo "2375"]
[BlackElo "2517"]
[Annotator "TA"]
[PlyCount "130"]
[EventDate "2019.07.08"]
[EventType "swiss"]
[EventCountry "CHN"]
[SourceTitle "playchess.com"]
[Source "ChessBase"]
[SourceQuality "1"]

{[%evp 10,130,24,24,24,24,24,25,22,22,24,17,16,22,15,20,22,27,18,12,15,13,19,13,13,17,15,14,22,11,8,1,1,0,0,0,0,0,0,0,0,-10,0,0,0,-119,0,0,0,0,0,-8,-8,-119,-119,-119,-119,-119,-119,-119,-119,-119,-119,-119,-119,-119,-119,-119,-119,-119,-97,-119,-86,-119,-70,-70,-28,-28,-28,-70,-70,-70,-24,-24,-24,-24,-24,-24,-24,-24,-24,-24,-12,-24,-24,-24,-24,-24,-24,-24,-24,-24,-24,-24,-24,-24,-24,-24,-24,-24,-24,-24,-24,-24,0,-24,-24,-24,-24,-24,-24,-24,-24]} 1. d4 Nf6 2. c4 e6 3. Nf3 Bb4+ 4. Bd2 Qe7 5. g3 Bxd2+ 6. Qxd2 Nc6 {E11: Bogo-Indian} 7. Nc3 d5 8. Bg2 (8. cxd5 exd5 9. Bg2 O-O 10. O-O a6 11. Qf4 Na7 12. Ne5 c6 13. a4 Be6 14. a5 {½-½ (56) Sarana,A (2630)-Ter Sahakyan,S (2601) Karlsruhe 2019}) 8... O-O $146 {White has an edge.} ({Predecessor:} 8... dxc4 9. O-O {½-½ (28) Behling,H (2282)-Faber,K (2101) ICCF email 2016}) 9. O-O dxc4 10. Ne5 Nxe5 11. dxe5 Nd7 12. Qd4 Qc5 13. Qxc5 Nxc5 14. Rfc1 Rb8 15. Nb5 Bd7 16. Rxc4 Bxb5 17. Rxc5 {[%mdl 64] [#] Double Attack} c6 18. Bf3 Rbd8 19. a4 Ba6 20. b4 Rd2 21. Kf1 Rb2 22. b5 $1 {[%cal Rb5a6]} cxb5 23. axb5 Bxb5 24. Rxa7 Ba6 25. Kg2 g6 26. Rc7 Rb8 27. e3 {[#]} (27. h4 $11) 27... h5 (27... Ra2 $1 $17 {White must now prevent ...Bf1+!} 28. Rcxb7 Rxb7 29. Bxb7 Bf1+ {[%mdl 64] Discovered Attack} 30. Kxf1 Rxa7) 28. h4 $11 Kf8 29. Be4 Kg7 30. Bf3 Ra2 {And now ...Bf1+! would win.} 31. Rcxb7 (31. Kg1 $1 $11 {was the only way to keep the balance.}) 31... Rxb7 $17 32. Bxb7 Bf1+ $1 {[%mdl 64] Discovered Attack} 33. Kxf1 Rxa7 {[%mdl 4096] Endgame KR-KB} 34. Be4 Ra5 35. f4 Ra2 36. Bf3 Kf8 37. Be2 Rb2 38. Kf2 Ke7 39. Kf3 Kd7 40. Bd1 Rb4 41. Kf2 Kc6 42. g4 Rb2+ 43. Kg3 hxg4 44. Bxg4 Rb1 45. Kg2 Kd5 {Hoping for ...Ke4.} 46. h5 Ke4 47. hxg6 $1 fxg6 48. Bxe6 Kxe3 49. f5 gxf5 50. Bxf5 Rb8 {Threatens to win with ...Rg8+.} 51. Kg3 Rg8+ 52. Bg4 Rg7 53. e6 Ke4 54. e7 Rxe7 55. Bd1 $1 Rc7 56. Kf2 Kd3 57. Bh5 Rc6 58. Kf3 Rf6+ 59. Kg4 Ke4 60. Kg3 Kf5 61. Bg4+ Ke4 62. Bh5 Rf4 {Black has an edge.} 63. Bg6+ Ke3 64. Bh5 Ra4 65. Bg6 Ra6 {Accuracy: White = 64%, Black = 73%.} 1/2-1/2

[Event "Belt Road Women 2019"]
[Site "Shaoxing"]
[Date "2019.07.13"]
[Round "6.3"]
[White "Girya, Olga"]
[Black "Tan, Zhongyi"]
[Result "1/2-1/2"]
[WhiteElo "2457"]
[BlackElo "2511"]
[Annotator "TA"]
[PlyCount "93"]
[EventDate "2019.07.08"]
[EventType "swiss"]
[EventCountry "CHN"]
[SourceTitle "playchess.com"]
[Source "ChessBase"]
[SourceQuality "1"]

{[%evp 9,93,0,2,-2,0,6,0,15,33,15,45,39,39,44,48,35,45,57,68,65,58,43,41,37,37,43,52,57,100,75,142,121,114,114,133,117,117,108,150,137,141,145,156,150,156,156,154,149,174,202,205,186,194,138,173,131,184,151,151,151,151,151,151,151,166,137,151,93,162,148,148,0,137,91,142,100,118,87,137,126,146,146,146,0,127,0]} 1. d4 Nf6 2. c4 e6 3. Nc3 Bb4 4. f3 c5 5. d5 b5 $146 ({Predecessor:} 5... O-O 6. e4 {½-½ (55) Volkov,S (2612)-Voit,D (2390) Kolomna 2018}) 6. e4 {E20: Nimzo-Indian: 4 g3 and 4 f3} O-O 7. Nh3 d6 8. Nf4 {The position is equal.} e5 9. Nfe2 Nh5 10. g4 Qh4+ 11. Kd2 Nf6 {Black wants to play ...Qf2.} 12. Qe1 Qxe1+ 13. Kxe1 bxc4 14. Ng3 g6 15. Bh6 $36 {[%mdl 3072] White has compensation. White has good play.} Rd8 16. Bg5 Kg7 17. h4 h6 18. Bd2 Ng8 19. h5 g5 (19... Ba6 $142) 20. Nd1 Na6 21. Bxc4 Ne7 22. Ne3 Rb8 23. Rb1 Bxd2+ 24. Kxd2 Nc7 25. a3 Bd7 26. b4 cxb4 27. Rxb4 Rb6 28. Bd3 Rdb8 29. Rxb6 axb6 30. Rc1 Rb7 31. Nc4 ({White should play} 31. a4 $18) 31... Nc8 32. Rb1 b5 (32... Kh7 $16 33. Rb2 Rb8) 33. Ne3 Ra7 34. Ngf5+ Kh7 35. Rb3 Ra5 36. Rc3 Ne8 37. Bc2 Ra7 38. Bd1 (38. Rb3 $142) 38... Ra8 (38... Nb6 $16) 39. Be2 $18 Ra5 40. Bd1 (40. Kc2 $16) 40... Ra7 (40... Ra8 $1 $11) 41. Bc2 Ra8 (41... Nb6 $142) 42. Kc1 Ra7 43. Kb2 Nc7 44. Bd1 Rb7 45. Kc1 Ra7 46. Kd2 Ne8 47. Be2 {Accuracy: White = 79%, Black = 43%.} ({Better is} 47. Rb3 $16) 1/2-1/2

[Event "Belt Road Women 2019"]
[Site "Shaoxing"]
[Date "2019.07.13"]
[Round "6.4"]
[White "Lei, Tingjie"]
[Black "Zhang, Lanlin"]
[Result "0-1"]
[WhiteElo "2505"]
[BlackElo "2195"]
[Annotator "TA"]
[PlyCount "141"]
[EventDate "2019.07.08"]
[EventType "swiss"]
[EventCountry "CHN"]
[SourceTitle "playchess.com"]
[Source "ChessBase"]
[SourceQuality "1"]

{[%evp 21,141,7,53,29,66,68,111,100,106,89,102,60,151,27,9,-23,-10,-6,-17,-14,-9,-16,-8,-9,-7,-55,0,-10,-15,-25,-21,-49,-51,-48,-43,-63,-66,-50,-20,-70,-55,-129,-117,-197,-197,-168,-136,-279,-274,-316,-300,-588,-302,-284,-202,-174,-179,-212,-149,-229,-228,-237,-233,-224,-204,-179,-193,-193,-192,-778,-767,-6230,-6203,-5567,-5712,-5567,-6075,-6211,-5077,-6625,-5734,-6194,-6258,-2352,-1938,-1738,-1682,-1246,-829,-2143,-1904,-29965,-6886,-5618,-4256,-6435,-6383,-29972,-29975,-29978,-29979,-29978,-29974,-29974,-29975,-29975,-29976,-29976,-29977,-29978,-29978,-29980,-29981,-29980,-29978,-29984,-29985,-29985,-29986,-29986,-29987,-29994]} 1. e4 c5 2. Nf3 d6 3. d4 cxd4 4. Nxd4 Nf6 5. Nc3 a6 6. Be3 e5 7. Nb3 Be7 8. f3 Be6 9. Qd2 Nbd7 10. g4 O-O 11. O-O-O b5 12. g5 {B90: Sicilian Najdorf: Unusual White 6th moves, 6 Be3 Ng4 and 6 Be3 e5} Ne8 (12... Nh5 13. Kb1 Nb6 14. Na5 Rc8 15. a3 g6 16. h4 Ng3 17. Rh2 Nxf1 18. Rxf1 h5 19. Bxb6 Qxb6 20. Nd5 Bxd5 21. exd5 {½-½ (35) Navara,D (2739)-Wojtaszek,R (2722) Prague 2019}) 13. h4 Nb6 14. Nd5 $1 {[%cal Rd5b6] White is better.} Nxd5 15. exd5 Bd7 16. f4 f6 (16... a5 $1 $14) 17. g6 $146 (17. Na5 $1 $16) ({Predecessor:} 17. Na5 Qc7 18. Bg2 Bd8 19. Nc6 Rc8 20. fxe5 fxe5 {1-0 (31) Ilfeld,E (2186)-Espinosa Cancino,M (1721) London 2017}) 17... a5 $1 $11 {[%cal Ba6a5,Ba5a4,Ba4a3][%mdl 32]} 18. gxh7+ Kh8 $1 19. Kb1 a4 20. Nc1 a3 $1 21. b3 f5 22. Nd3 Qc7 23. Bg2 {Strongly threatening fxe5.} Rc8 (23... e4 $15 24. Nb4 Bf6) 24. Nb4 e4 25. Bf1 Bf6 26. Bd4 Bxd4 27. Qxd4 Nf6 28. Rh3 Qc5 $40 {[%mdl 128] Black has some attack.} (28... Nxh7 29. Nc6 $11 (29. Rg3 Nf6 $11)) 29. Be2 Kxh7 (29... Be8 {looks sharper.} 30. h5 Qxd4 31. Rxd4 Rf7 32. Rg3 Rfc7) 30. c3 Rfe8 31. Nc2 {[#]} (31. Rg3 $15) 31... e3 $1 $17 {[%mdl 512]} 32. Qxc5 (32. c4 $17) (32. Nxe3 Ne4) 32... Rxc5 $19 33. c4 bxc4 {[%mdl 64] Overworked Piece} 34. bxc4 (34. Bxc4 $17 e2 35. Re1) 34... Ba4 {...Rb8+ is the strong threat.} 35. Kc1 Re4 36. Bd3 $2 (36. Kb1) 36... Rxf4 37. Rxe3 Bxc2 (37... Rxh4 38. Rd2 $17) 38. Kxc2 Nxd5 $1 ({Not} 38... Rxh4 39. Kb3 $11) 39. Re8 Nf6 ({Less strong is} 39... Rxh4 40. Bxf5+ g6 {[#]} 41. Bxg6+ $1 {[%mdl 512]} Kxg6 42. Rxd5 $11) 40. Rd8 (40. Re7 $17 {keeps fighting.}) 40... d5 ({Don't do} 40... Rxh4 41. Rxd6 Ng4 42. Kb3 $17) 41. Rf1 Rxf1 42. Bxf1 dxc4 {[%mdl 4096] Endgame KRB-KRN} 43. Ra8 Nd5 {Hoping for ...Ne3+.} 44. Rxa3 c3 {aiming for ...Ne3+.} 45. Be2 $2 (45. Kc1) 45... Nb4+ 46. Kc1 Re5 47. Ra4 Rxe2 {[%cal Re2e1]} 48. Rxb4 Rxa2 {KR-KR} 49. Rf4 Kg6 50. Rf3 Rh2 51. Rf4 Kf6 52. Ra4 Re2 53. Kd1 Re4 54. Ra6+ Kf7 55. Ra7+ Kg6 56. h5+ Kh6 (56... Kxh5 $142 57. Rxg7 f4 58. Rf7 Kg4 59. Kc2 f3 60. Kxc3 Rf4 61. Rg7+ Kh4 62. Rh7+ Kg3 63. Rg7+ Rg4 64. Rf7 f2 65. Kd3 Kg2 66. Ke2 Re4+ 67. Kd3 Re1 68. Rg7+ Kh3 69. Rh7+ Kg4 70. Rg7+ Kh5 71. Kc2 f1=Q 72. Rh7+ Kg6 73. Rh2 Qc4+ 74. Kb2 Qd4+ 75. Kc2 Qc4+ 76. Kb2 Rg1 77. Rf2 Rg3 78. Kb1 Qb3+ 79. Kc1 Rc3+ 80. Kd2 Qb2+ 81. Ke1 Rc1#) 57. Rf7 Rf4 58. Kc2 Rf3 59. Kc1 Rf2 {Black mates.} 60. Kd1 c2+ 61. Kc1 f4 62. Kb2 f3 63. Rf5 Re2 64. Rxf3 Kxh5 65. Rf1 g5 66. Kc3 g4 67. Kd3 Rh2 68. Ke3 g3 69. Rf5+ Kg4 70. Rc5 g2 71. Kd4 {Accuracy: White = 31%, Black = 72%.} 0-1

[Event "Belt Road Women 2019"]
[Site "Shaoxing"]
[Date "2019.07.13"]
[Round "6.5"]
[White "Zhu, Jiner"]
[Black "Harika, Dronavalli"]
[Result "1/2-1/2"]
[WhiteElo "2454"]
[BlackElo "2492"]
[Annotator "TA"]
[PlyCount "47"]
[EventDate "2019.07.08"]
[EventType "swiss"]
[EventCountry "CHN"]
[SourceTitle "playchess.com"]
[Source "ChessBase"]
[SourceQuality "1"]

{[%evp 18,47,14,17,12,15,19,17,20,9,8,16,20,15,18,20,29,23,12,29,72,49,72,64,56,7,7,0,46,2,4,1]} 1. e4 e6 2. d4 d5 3. Bd3 c5 4. exd5 exd5 5. dxc5 Bxc5 6. Nf3 Nf6 7. O-O O-O 8. Bg5 Nc6 9. Nc3 Be6 10. h3 h6 {C01: French: Exchange Variation} 11. Bh4 a6 12. Qd2 $146 ({Predecessor:} 12. Ne2 g5 13. Bg3 Ne4 14. Bxe4 dxe4 15. Ne5 f5 16. Nxc6 bxc6 {0-1 (23) Kuzin,A (2250)-Nikolenko,O (2522) Tula 2003}) 12... Be7 13. Rad1 Re8 14. Rfe1 Qb6 15. Qc1 Rad8 16. a3 Rd7 17. b4 Nh5 18. Na4 Qd8 19. Bxe7 Rdxe7 20. c4 Qb8 21. Nc5 dxc4 $1 22. Bxc4 Nf4 23. Bxe6 Nxe6 24. Nxe6 {Accuracy: White = 66%, Black = 72%.} 1/2-1/2

[Event "Belt Road Women 2019"]
[Site "Shaoxing"]
[Date "2019.07.13"]
[Round "6.6"]
[White "Khademalsharieh, Sarasadat"]
[Black "Ushenina, Anna"]
[Result "0-1"]
[WhiteElo "2481"]
[BlackElo "2448"]
[Annotator "TA"]
[PlyCount "84"]
[EventDate "2019.07.08"]
[EventType "swiss"]
[EventCountry "CHN"]
[SourceTitle "playchess.com"]
[Source "ChessBase"]
[SourceQuality "1"]

{[%evp 9,84,9,42,40,33,34,36,32,50,54,57,41,57,26,45,17,38,23,34,26,29,10,16,-14,62,27,80,87,83,33,30,26,13,9,12,9,27,9,16,0,0,0,19,0,0,0,0,-21,-12,-7,-13,-11,-14,-141,-150,-302,-310,-285,-269,-282,-311,-318,-294,-310,-260,-219,0,-302,-293,-425,-420,-724,-652,-664,-664,-660,-660]} 1. d4 Nf6 2. c4 e6 3. Nf3 d5 4. Nc3 dxc4 5. e4 b5 (5... Bb4 6. Bg5 c5 7. Bxc4 cxd4 8. Nxd4 Bxc3+ 9. bxc3 Qa5 10. Bd2 O-O 11. Qe2 e5 12. Nb3 Qc7 13. O-O Bg4 14. f3 Rc8 15. Bd5 Nxd5 16. exd5 Bh5 17. c4 {1-0 (38) Carlsen,M (2845)-Aronian,L (2763) Karlsruhe/Baden Baden 2019}) 6. e5 {D24: Queen's Gambit Accepted: 3 Nf3 Nf6 4 Nc3} Nd5 7. Nxb5 Nb6 8. Be2 {White is slightly better.} Nc6 9. O-O Be7 $146 ({Predecessor:} 9... Bb7 10. Be3 Qd7 11. Nc3 Be7 12. Qc1 O-O {½-½ (42) Franic,M (2394)-Loncar,R (2356) Kastel Kambelovac 2014}) 10. Be3 O-O 11. Qc1 Bb7 12. Rd1 Qd7 13. Nc3 Nb4 14. Nd2 Rab8 15. Nde4 N6d5 16. Nc5 Qc6 (16... Bxc5 $11 17. dxc5 Qc6 18. Nxd5 exd5) 17. Nxb7 {[#] Black must now prevent Na5.} Rxb7 (17... Nxe3 $11 {remains equal.} 18. fxe3 (18. Qxe3 Rxb7 19. Bf3 Nd5 $14) 18... Rxb7) 18. Nxd5 $16 Nxd5 19. Bd2 (19. Bxc4 {looks sharper.} Nxe3 20. fxe3 Bg5 21. Rd3 Rd8 22. Kh1) 19... Qb6 20. Bxc4 Qxd4 21. Bxd5 exd5 22. Bc3 Qc5 23. Qf4 Qc6 24. Rd3 Qe6 25. Rad1 Rd8 26. Qd2 {[%cal Rd3d5]} c6 27. f4 Rbd7 28. Qf2 {aiming for f5.} d4 29. Ba5 ({Avoid the trap} 29. Bxd4 $2 c5 $19) 29... Rb8 30. b3 c5 31. Rc1 (31. Qf3 $11) 31... Qa6 $1 $17 {[%csl LRa5,LRd3]} 32. Qd2 $2 {[#]} (32. e6 $17 Qxe6 33. Rdd1) 32... Rb5 $1 $19 33. b4 cxb4 34. Bc7 Rc5 35. Rxc5 Bxc5 36. Bb8 Rd8 37. Bc7 Rd7 38. Bb8 Qb6 39. e6 (39. Bd6 $142) 39... Qxe6 40. Qf2 (40. f5 $142 Qxf5 41. h3) 40... Qb6 {Black is clearly winning.} 41. Qc2 Rd8 42. Be5 f6 {Accuracy: White = 30%, Black = 65%.} 0-1

[Event "Belt Road Women 2019"]
[Site "Shaoxing"]
[Date "2019.07.13"]
[Round "6.7"]
[White "Li, Xueyi"]
[Black "Pratyusha, Bodda"]
[Result "1-0"]
[WhiteElo "2330"]
[BlackElo "2265"]
[Annotator "ChessBase"]
[PlyCount "87"]
[EventDate "2019.07.08"]
[EventType "swiss"]
[EventCountry "CHN"]
[SourceTitle "playchess.com"]
[Source "ChessBase"]
[SourceQuality "1"]
[TimeControl "5400+30"]

1. d4 {[%emt 0:00:00]} Nf6 {[%emt 0:00:00]} 2. Nf3 {[%emt 0:00:00]} e6 {[%emt 0:00:00]} 3. g3 {[%emt 0:00:03]} d5 {[%emt 0:00:07]} 4. c4 {[%emt 0:00:08]} Be7 {[%emt 0:00:34]} 5. Bg2 {[%emt 0:00:16]} O-O {[%emt 0:00:05]} 6. O-O {[%emt 0:00:14]} dxc4 {[%emt 0:00:04]} 7. Qc2 {[%emt 0:00:17]} a6 {[%emt 0:00:26]} 8. a4 {[%emt 0:00:58]} Bd7 {[%emt 0:00:12]} 9. Rd1 {[%emt 0:00:29]} Bc6 {[%emt 0:01:00]} 10. Nc3 {[%emt 0:01:33]} Qc8 {[%emt 0:07:58]} 11. e4 {[%emt 0:01:53]} Rd8 {[%emt 0:00:22]} 12. Ne5 {[%emt 0:01:05]} Be8 {[%emt 0:00:51]} 13. Qe2 {[%emt 0:11:17]} Nbd7 {[%emt 0:11:10]} 14. Nxc4 {[%emt 0:00:47]} Nf8 {[%emt 0:00:37]} 15. Bg5 {[%emt 0:08:06]} Rb8 {[%emt 0:08:13]} 16. a5 {[%emt 0:04:18]} Nd5 {[%emt 0:03:28]} 17. Bxe7 {[%emt 0:01:36]} Nxe7 {[%emt 0:00:04]} 18. d5 {[%emt 0:01:57]} b5 {[%emt 0:04:11]} 19. axb6 {[%emt 0:12:35]} cxb6 {[%emt 0:00:05]} 20. Ne3 {[%emt 0:01:03]} b5 {[%emt 0:01:16]} 21. dxe6 {[%emt 0:01:59]} Rxd1+ {[%emt 0:02:09]} 22. Qxd1 {[%emt 0:01:31]} Qxe6 {[%emt 0:01:28]} 23. Ncd5 {[%emt 0:01:00]} Nxd5 {[%emt 0:01:07]} 24. exd5 {[%emt 0:01:32]} Qb6 {[%emt 0:00:49]} 25. Nf5 {[%emt 0:02:01]} Qf6 {[%emt 0:01:57]} 26. Nd4 {[%emt 0:02:00]} Rd8 {[%emt 0:03:57]} 27. Qd2 {[%emt 0:05:54]} Ng6 {[%emt 0:03:21]} 28. Qc3 {[%emt 0:02:28]} Ne7 {[%emt 0:09:21]} 29. Nc6 {[%emt 0:01:09]} Qxc3 {[%emt 0:02:57]} 30. Nxe7+ {[%emt 0:04:13]} Kf8 {[%emt 0:00:28]} 31. bxc3 {[%emt 0:00:16]} Kxe7 {[%emt 0:00:04]} 32. Rxa6 {[%emt 0:00:21]} Rc8 {[%emt 0:03:55]} 33. d6+ {[%emt 0:03:13]} Kd8 {[%emt 0:00:04]} 34. Bb7 {[%emt 0:13:47]} Rxc3 {[%emt 0:01:23]} 35. Ra8+ {[%emt 0:00:25]} Kd7 {[%emt 0:04:04]} 36. Ba6 {[%emt 0:00:09]} Rc5 {[%emt 0:00:35]} 37. Rb8 {[%emt 0:00:10]} Re5 {[%emt 0:00:06]} 38. Bxb5+ {[%emt 0:00:29]} Kxd6 {[%emt 0:00:22]} 39. Bxe8 {[%emt 0:02:08]} Kc7 {[%emt 0:00:56]} 40. Ra8 {[%emt 0:00:26]} Kb7 {[%emt 0:00:03]} 41. Rd8 {[%emt 0:00:06]} Kc7 {[%emt 0:00:18]} 42. Rd7+ {[%emt 0:00:06]} Kc8 {[%emt 0:00:08]} 43. Rxf7 {[%emt 0:00:15]} Rxe8 {[%emt 0:00:10]} 44. Rxg7 {[%emt 0:00:08]} 1-0